Socio-educational planning and development in India (Record no. 426535)

000 -LEADER
fixed length control field 00391cam a22001337a 4500
008 - FIXED-LENGTH DATA ELEMENTS--GENERAL INFORMATION
fixed length control field 180718b2009 xxu||||| |||| 00| 0 eng d
020 ## - INTERNATIONAL STANDARD BOOK NUMBER
International Standard Book Number 9788183293235
082 ## - DEWEY DECIMAL CLASSIFICATION NUMBER
Classification number Px54 C361s
100 ## - MAIN ENTRY--PERSONAL NAME
Personal name Chandra, Ramesh
245 ## - TITLE STATEMENT
Title Socio-educational planning and development in India
Statement of responsibility, etc. by Ramesh Chandra
260 ## - PUBLICATION, DISTRIBUTION, ETC.
Place of publication, distribution, etc. New Delhi
Name of publisher, distributor, etc. Shree
Date of publication, distribution, etc. 2009
300 ## - PHYSICAL DESCRIPTION
Extent 482p.
650 ## - SUBJECT ADDED ENTRY--TOPICAL TERM
Topical term or geographic name entry element Education - Planning - India
Holdings
Withdrawn status Lost status Damaged status Not for loan Permanent Location Current Location Date acquired Total Checkouts Full call number Barcode Checked out Date last seen Date last checked out Price effective from Koha item type
        Indian Institute of Public Administration Indian Institute of Public Administration 2009-12-16 1 Px54 C361s 83514 2023-09-20 2023-09-04 2023-09-04 2018-07-21 Book

Powered by Koha